2024 Gate: (Record no. 198257)

MARC details
000 -LEADER
fixed length control field 00662nam a22001937a 4500
005 - DATE AND TIME OF LATEST TRANSACTION
control field 20231115111223.0
010 ## - LCCN (DPL NO)
LC control number ENG-138092
020 ## - INTERNATIONAL STANDARD BOOK NUMBER
International Standard Book Number 9789357052133
Terms of availability 850.00
035 ## - SYSTEM CONTROL NUMBER
System control number EN-121624
037 ## - SOURCE OF ACQUISITION
Source of stock number/acquisition DBAD/PUB
082 ## - DEWEY DECIMAL CLASSIFICATION NUMBER
Classification number 000
Edition number First
245 ## - TITLE STATEMENT
Title 2024 Gate:
Remainder of title General Aptitude and Engineering Mathematics/
250 ## - EDITION STATEMENT
Edition statement First
260 ## - PUBLICATION, DISTRIBUTION, ETC. (IMPRINT)
Place of publication, distribution, etc Uttar Pradesh
Name of publisher, distributor, etc Pearson India Education Services Pvt. Ltd.
Date of publication, distribution, etc 2023
270 ## - ADDRESS
Address 1st Floor, Berger Tower, Plot No. C-001A/2, Sector 16B
City Noida (Uttar Pradesh)
Postal code 201301
300 ## - PHYSICAL DESCRIPTION
Extent v.p.
Dimensions 26cm(pbk)
Other physical details Index
500 ## - GENERAL NOTE
General note General Aptitude and Engineering Mathematics
942 ## - ADDED ENTRY ELEMENTS (KOHA)
Source of classification or shelving scheme Dewey Decimal Classification
Item type English Books
Classification part 000
Call number suffix GAT
Holdings
Withdrawn status Lost status Not for loan Collection code Home library Current library Date acquired Source of acquisition Cost, normal purchase price Full call number Barcode Copy number Cost, replacement price Koha item type
      Non-fiction Bawana Bawana 18/09/2023 DBAD/PUB 850.00 000 GAT EN-121624 1 850.00 English Books

© Delhi Public Library
Hit Counter
free hit counter